[Event "Lliga Catalana eq. DH"]
[Site "?"]
[Date "2014.02.22"]
[Round "5.4"]
[White "Capellades Subirana, M."]
[Black "Cuadras Avellana, J."]
[Result "1-0"]
[WhiteElo "2290"]
[BlackElo "2374"]
[PlyCount "105"]
[EventDate "2014.??.??"]
[EventType "team"]
[EventCountry "ESP"]

1. e4 c5 2. Nf3 e6 3. d4 cxd4 4. Nxd4 Nc6 5. Nc3 d6 6. Nxc6 bxc6 7. Bd3 e5 8.
O-O Nf6 9. Ne2 Be7 10. Ng3 O-O 11. c3 d5 12. Qe2 Qc7 13. Bg5 dxe4 14. Nxe4 Nd5
15. Bc4 Be6 16. Bxd5 cxd5 17. Bxe7 Qxe7 18. Ng3 e4 19. Qd2 f5 20. Ne2 Rad8 21.
f4 Rd6 22. Rad1 Rb6 23. Nd4 Rfb8 24. b3 Rc8 25. Rfe1 g6 26. Re3 Bf7 27. Rg3 Qf6
28. a4 Kf8 29. Rh3 Bg8 30. Re1 a5 31. Nb5 Rcb8 32. Rd1 Rxb5 33. axb5 Rxb5 34.
c4 dxc4 35. bxc4 Qb6+ 36. Qd4 Qxd4+ 37. Rxd4 Rb1+ 38. Kf2 Rb2+ 39. Ke1 Rxg2 40.
Rb3 Kg7 41. Rd7+ Kh8 42. Rb5 g5 43. Rxf5 gxf4 44. Rxf4 Bxc4 45. Rxe4 Bg8 46. h4
Rb2 47. h5 Rb8 48. Ra7 Rb5 49. Rg4 h6 50. Rg6 Bd5 51. Rxh6+ Kg8 52. Rd6 Bb7 53.
Rd8+ 1-0

[Event "Lliga Catalana eq. DH"]
[Site "?"]
[Date "2014.02.22"]
[Round "5.4"]
[White "Castelltort Fernandez, A."]
[Black "Libiszewski, F."]
[Result "1-0"]
[WhiteElo "2345"]
[BlackElo "2497"]
[PlyCount "71"]
[EventDate "2014.??.??"]
[EventType "team"]
[EventCountry "ESP"]

1. e4 g6 2. d4 d6 3. Nc3 a6 4. a4 Bg7 5. Nf3 b6 6. Be3 Bb7 7. Bd3 Nf6 8. h3 O-O
9. Qd2 Nc6 10. Nd5 e5 11. Nxf6+ Bxf6 12. d5 Nd4 13. Nxd4 exd4 14. Bh6 Re8 15.
O-O c6 16. dxc6 Bxc6 17. Rfe1 d5 18. exd5 Qxd5 19. f3 Qd7 20. Qf4 Bh8 21. b3
Re6 22. Rxe6 Qxe6 23. Bc4 Qe8 24. Qh4 b5 25. Re1 Qd8 26. Bxf7+ Kxf7 27. Bg5 Qd6
28. Re7+ Qxe7 29. Bxe7 bxa4 30. Bc5 Kg8 31. Bxd4 Bxd4+ 32. Qxd4 Rc8 33. bxa4
Be8 34. Qe5 Rxc2 35. Qe6+ Bf7 36. Qxa6 1-0

[Event "Lliga Catalana eq. DH"]
[Site "?"]
[Date "2014.02.22"]
[Round "5.4"]
[White "Coll Ortega, J."]
[Black "Torrecillas Martinez, A."]
[Result "0-1"]
[WhiteElo "2376"]
[BlackElo "2412"]
[PlyCount "148"]
[EventDate "2014.??.??"]
[EventType "team"]
[EventCountry "ESP"]

1. e4 d6 2. d4 Nf6 3. Nc3 g6 4. Be3 c6 5. f3 Nbd7 6. g4 b5 7. g5 Nh5 8. a4 b4
9. Nce2 e5 10. Qd2 Be7 11. Ng3 Nf4 12. N1e2 Ne6 13. h4 Qa5 14. Bg2 c5 15. dxe5
dxe5 16. Qd5 Rb8 17. Bh3 Rb6 18. O-O Rd6 19. Qb3 Nd4 20. Nxd4 cxd4 21. Bd2 Rc6
22. f4 exf4 23. Rxf4 O-O 24. Bg2 Ne5 25. Qd5 Qxd5 26. exd5 Rxc2 27. Ne4 Nc4 28.
Bc1 d3 29. Rf2 Rxf2 30. Kxf2 Bf5 31. b3 Bxe4 32. bxc4 Bxg2 33. Kxg2 Rc8 34. Be3
Rxc4 35. Rd1 b3 36. Rxd3 b2 37. Rd1 Rxa4 38. Rb1 Ra2 39. Bd4 a5 40. Kf3 Ra3+
41. Ke2 Rb3 42. Rxb2 Rxb2+ 43. Bxb2 Bd6 44. Kd3 a4 45. Kc4 a3 46. Bf6 Bf8 47.
Kb3 Bd6 48. Kc4 Kf8 49. Kb5 Be7 50. Bd4 a2 51. Kc6 Ke8 52. d6 Bd8 53. Bc3 f5
54. gxf6 h6 55. d7+ Kf7 56. Kb7 g5 57. hxg5 hxg5 58. Kc8 Bb6 59. Bd4 Bxd4 60.
d8=Q a1=Q 61. Qe7+ Kg6 62. Qg7+ Kf5 63. Qh7+ Kxf6 64. Qh6+ Kf5 65. Qh7+ Ke5 66.
Qh2+ Kd5 67. Qg2+ Kd6 68. Qg3+ Be5 69. Qd3+ Qd4 70. Qa6+ Ke7 71. Qb7+ Kf6 72.
Qc6+ Qd6 73. Qf3+ Kg7 74. Qb7+ Qc7+ 0-1

[Event "Lliga Catalana eq. DH"]
[Site "?"]
[Date "2014.02.22"]
[Round "5.4"]
[White "Escandell Mari, JC."]
[Black "Ayas Fernandez, A."]
[Result "1/2-1/2"]
[WhiteElo "2346"]
[BlackElo "2364"]
[PlyCount "106"]
[EventDate "2014.??.??"]
[EventType "team"]
[EventCountry "ESP"]

1. e4 c5 2. Nf3 d6 3. Bb5+ Bd7 4. Bxd7+ Nxd7 5. O-O Ngf6 6. Qe2 g6 7. c3 Bg7 8.
d4 e5 9. dxe5 dxe5 10. Rd1 Qc7 11. Na3 a6 12. Nc4 O-O 13. a4 b5 14. axb5 axb5
15. Rxa8 Rxa8 16. Nd6 Ra1 17. Nxb5 Qc6 18. Nd2 c4 19. Qxc4 Qxc4 20. Nxc4 Bh6
21. Ne3 Bxe3 22. fxe3 Nc5 23. Rf1 Nfxe4 24. b4 Na4 25. Ba3 Rxf1+ 26. Kxf1 Nexc3
27. Nxc3 Nxc3 28. Bb2 Nd5 29. Bxe5 Nxb4 30. Ke2 f5 31. e4 fxe4 32. Ke3 Kf7 33.
Kxe4 Ke6 34. Bc3 Nd5 35. Bd4 Ne7 36. g4 g5 37. Be3 Kf6 38. Bd4+ Kg6 39. Bf2 Ng8
40. Bd4 h5 41. gxh5+ Kxh5 42. Kf3 Nh6 43. Be5 Nf5 44. Bg3 Nd4+ 45. Ke3 Ne6 46.
Kf3 g4+ 47. Ke4 Kg5 48. Ke5 Nf8 49. Ke4 Ng6 50. Be1 Kh5 51. Bg3 Nh4 52. Bxh4
Kxh4 53. Kf4 Kh3 1/2-1/2

[Event "Lliga Catalana eq. DH"]
[Site "?"]
[Date "2014.02.22"]
[Round "5.4"]
[White "Gomez Jurado, LA."]
[Black "Jose Queralto, D."]
[Result "1-0"]
[WhiteElo "2365"]
[BlackElo "2218"]
[PlyCount "85"]
[EventDate "2014.??.??"]
[EventType "team"]
[EventCountry "ESP"]

1. c4 e5 2. g3 d6 3. Nc3 f5 4. Nf3 Nf6 5. d4 e4 6. Nh4 Be7 7. Bg5 c6 8. e3 O-O
9. Ng2 Na6 10. Nf4 Nc7 11. h4 h6 12. Bxf6 Bxf6 13. h5 Ne6 14. Ng6 Re8 15. Be2
c5 16. dxc5 Bxc3+ 17. bxc3 dxc5 18. Qd5 Qf6 19. O-O Kh7 20. Rad1 Nf8 21. Qxc5
Nxg6 22. hxg6+ Qxg6 23. Rd6 Be6 24. Rfd1 Qf7 25. Qd4 Re7 26. c5 Rc8 27. c4 Rec7
28. Qe5 Re8 29. Rd8 Ree7 30. R1d6 Rc8 31. Bh5 Rxc5 32. Qxc5 Qxh5 33. Rd4 Rf7
34. Qe5 Re7 35. Qd6 Qf7 36. Qb8 Bxc4 37. Rf8 Qh5 38. Rd6 Be6 39. Qd8 Qg5 40.
Rh8+ Kg6 41. Re8 Kf7 42. Rf8+ Kg6 43. Qc8 1-0

[Event "Lliga Catalana eq. DH"]
[Site "?"]
[Date "2014.02.22"]
[Round "5.4"]
[White "Lillo Castany, V."]
[Black "Cervello Tost, F."]
[Result "1-0"]
[WhiteElo "2359"]
[BlackElo "2232"]
[PlyCount "75"]
[EventDate "2014.??.??"]
[EventType "team"]
[EventCountry "ESP"]

1. e4 c6 2. Nc3 d5 3. Nf3 Bg4 4. h3 Bxf3 5. Qxf3 e6 6. d3 Bc5 7. Bd2 Nd7 8.
O-O-O d4 9. Ne2 Ngf6 10. g4 h6 11. h4 h5 12. g5 Ng4 13. Bh3 g6 14. Qg3 a5 15.
Bxg4 hxg4 16. Qxg4 Qe7 17. f4 O-O-O 18. Bxa5 b6 19. Be1 Kb7 20. Bf2 Ra8 21. Kb1
Ra5 22. h5 Rha8 23. Nc1 gxh5 24. Rxh5 Nf8 25. f5 e5 26. g6 Ba3 27. g7 Bxb2 28.
g8=Q Bxc1 29. Kxc1 Rxa2 30. Kd2 Rxc2+ 31. Ke1 Qb4+ 32. Kf1 Raa2 33. Qxf7+ Ka6
34. Rh2 Qb2 35. Qh4 Ra1 36. Rxa1+ Qxa1+ 37. Kg2 Qa2 38. Qxa2+ 1-0

[Event "Lliga Catalana eq. DH"]
[Site "?"]
[Date "2014.02.22"]
[Round "5.4"]
[White "Sole Fabregat, X."]
[Black "Boix Moreno, D."]
[Result "1-0"]
[WhiteElo "2305"]
[BlackElo "2386"]
[PlyCount "49"]
[EventDate "2014.??.??"]
[EventType "team"]
[EventCountry "ESP"]

1. d4 Nf6 2. Nf3 g6 3. c4 Bg7 4. Nc3 d5 5. Bf4 O-O 6. e3 c5 7. dxc5 Qa5 8. Qd2
dxc4 9. Bxc4 Qxc5 10. Bb3 Nc6 11. Rc1 Qa5 12. O-O e5 13. Bg3 Bg4 14. Ng5 Rad8
15. Qe1 e4 16. Ngxe4 Nxe4 17. Nxe4 Bxb2 18. Rc2 Bg7 19. Qxa5 Nxa5 20. Bc7 Nxb3
21. Bxd8 Rxd8 22. axb3 Bf8 23. Rd2 Rb8 24. f3 Bf5 25. Rc1 1-0

[Event "Lliga Catalana eq. DH"]
[Site "?"]
[Date "2014.02.22"]
[Round "5.5"]
[White "Almeida Toledano, D."]
[Black "Adel Lahchaichi, O."]
[Result "0-1"]
[WhiteElo "2360"]
[BlackElo "2343"]
[PlyCount "118"]
[EventDate "2014.??.??"]
[EventType "team"]
[EventCountry "ESP"]

1. e4 c5 2. b3 Nc6 3. Bb2 e5 4. Bc4 Nf6 5. d3 Be7 6. Ne2 d5 7. exd5 Nxd5 8. O-O
Be6 9. Nbc3 O-O 10. Nxd5 Bxd5 11. f4 Bf6 12. Bxd5 Qxd5 13. Kh1 Nd4 14. f5 Qd7
15. Ng3 Rac8 16. Ne4 Rc6 17. g4 Bd8 18. a4 Qd5 19. Rb1 c4 20. bxc4 Rxc4 21. c3
Nb3 22. Qf3 Rxe4 23. dxe4 Qc4 24. Rbd1 Bg5 25. Qd3 Qxa4 26. Rfe1 h6 27. Qd5 Bf4
28. c4 Qa2 29. Re2 Na5 30. c5 Qa4 31. Bc3 Nc4 32. Qd3 Kh7 33. Ra1 Qb3 34. Rb1
Rd8 35. Qc2 Qxc2 36. Rxc2 Na3 37. Rcb2 Nxb1 38. Rxb1 Rd7 39. Rb2 f6 40. Ra2 Be3
41. Rxa7 Bxc5 42. Ra5 b6 43. Rb5 Rd3 44. Ba5 bxa5 45. Rxc5 a4 46. Kg2 Re3 47.
Rc4 a3 48. Ra4 h5 49. gxh5 Kh6 50. Kf2 Rh3 51. Kg2 Rd3 52. Ra7 Re3 53. Ra4 Kxh5
54. Kf2 Rh3 55. Kg2 Rd3 56. Kf2 Kg5 57. Ra7 Kf4 58. Rxg7 a2 59. Ra7 Rd2+ 0-1

[Event "Lliga Catalana eq. DH"]
[Site "?"]
[Date "2014.02.22"]
[Round "5.5"]
[White "Escobar Torres, A."]
[Black "Randazzo, A."]
[Result "0-1"]
[WhiteElo "2232"]
[BlackElo "2351"]
[PlyCount "114"]
[EventDate "2014.??.??"]
[EventType "team"]
[EventCountry "ESP"]

1. d4 Nf6 2. Nf3 c5 3. c3 d5 4. Bf4 Nc6 5. e3 Qb6 6. Qc1 Bf5 7. Nh4 Bd7 8. h3
Rc8 9. Nd2 cxd4 10. exd4 Nxd4 11. Be3 e5 12. Qb1 Qe6 13. Bd3 Nc6 14. Bf5 Qd6
15. O-O Be7 16. Bxd7+ Qxd7 17. Nf5 O-O 18. Nxe7+ Qxe7 19. Nb3 b6 20. Qd3 Qe6
21. f4 exf4 22. Bxf4 Rfe8 23. Rae1 Qd7 24. Qb5 Rxe1 25. Rxe1 Re8 26. Rd1 Ne5
27. Qxd7 Nexd7 28. Nd4 h6 29. Kf1 Nc5 30. Nb5 Re4 31. Bh2 Ne6 32. a3 Rc4 33.
Be5 a6 34. Bxf6 Rf4+ 35. Kg1 Rxf6 36. Nd4 Nxd4 37. Rxd4 Rf5 38. Rb4 b5 39. a4
bxa4 40. Rxa4 Rf6 41. Rd4 Rb6 42. b4 Rb5 43. Kf2 Kf8 44. Ke3 Ke7 45. Rg4 g5 46.
Kd4 a5 47. bxa5 Rxa5 48. Rg3 Kd6 49. Rf3 Ra4+ 50. Kd3 Ke6 51. Re3+ Kf5 52. g3
f6 53. Rf3+ Ke5 54. Re3+ Re4 55. Rf3 f5 56. Re3 Rxe3+ 57. Kxe3 f4+ 0-1

[Event "Lliga Catalana eq. DH"]
[Site "?"]
[Date "2014.02.22"]
[Round "5.5"]
[White "Fassnacht, P."]
[Black "Bravo Barranco, N."]
[Result "0-1"]
[WhiteElo "2171"]
[BlackElo "2340"]
[PlyCount "72"]
[EventDate "2014.??.??"]
[EventType "team"]
[EventCountry "ESP"]

1. d4 d5 2. Bf4 c6 3. c3 Bf5 4. e3 e6 5. Nf3 Bd6 6. Bg3 Ne7 7. Nbd2 O-O 8. Nh4
Qc7 9. Bxd6 Qxd6 10. g4 Bg6 11. Nxg6 Nxg6 12. f4 c5 13. Bd3 Nc6 14. Qf3 cxd4
15. cxd4 Nb4 16. Qe2 Rfc8 17. O-O Nxd3 18. Qxd3 Rc7 19. Nf3 Nf8 20. Rad1 Qb4
21. Rd2 Nd7 22. g5 Rac8 23. f5 Re8 24. Rdf2 e5 25. dxe5 Nxe5 26. Nxe5 Rxe5 27.
Rg2 Qc4 28. Qb1 Rxe3 29. g6 Qe4 30. gxh7+ Kxh7 31. Qd1 Kg8 32. Qh5 f6 33. Rg4
Qe8 34. Qh6 Re4 35. Rg3 Qe5 36. Qh5 Re1 0-1

[Event "Lliga Catalana eq. DH"]
[Site "?"]
[Date "2014.02.22"]
[Round "5.5"]
[White "Grafl, F."]
[Black "Pardo Simon, D."]
[Result "0-1"]
[WhiteElo "2425"]
[BlackElo "2468"]
[PlyCount "76"]
[EventDate "2014.??.??"]
[EventType "team"]
[EventCountry "ESP"]

1. f4 e5 2. fxe5 d6 3. exd6 Bxd6 4. Nf3 g5 5. c3 Nc6 6. Qa4 Qe7 7. d4 g4 8. Ne5
Bxe5 9. dxe5 Bd7 10. Bf4 O-O-O 11. Na3 a6 12. e3 Nxe5 13. Qd4 Ng6 14. Qa7 Bc6
15. Bg3 Nf6 16. Be2 Bxg2 17. Rg1 Bc6 18. Rf1 h5 19. Qa8+ Kd7 20. O-O-O+ Nd5 21.
Qa7 Ke8 22. Bc4 Rh7 23. Qd4 Rd7 24. e4 Nb6 25. Qf2 Rxd1+ 26. Rxd1 h4 27. Bf4
Qf6 28. Be3 Qxf2 29. Bxf2 Nxc4 30. Nxc4 Bxe4 31. Re1 f5 32. Nd2 Re7 33. Nxe4
Rxe4 34. Rxe4+ fxe4 35. Kd2 g3 36. hxg3 h3 37. Bg1 Ne5 38. Ke3 Nf3 0-1

[Event "Lliga Catalana eq. DH"]
[Site "?"]
[Date "2014.02.22"]
[Round "5.5"]
[White "Gual Pascual, A."]
[Black "Subirats Ruiz, S."]
[Result "1-0"]
[WhiteElo "2516"]
[BlackElo "2294"]
[PlyCount "69"]
[EventDate "2014.??.??"]
[EventType "team"]
[EventCountry "ESP"]

1. Nf3 Nf6 2. g3 g6 3. b4 d6 4. Bb2 Bg7 5. Bg2 O-O 6. c4 a5 7. b5 e5 8. d3 Nbd7
9. O-O c6 10. a4 Ne8 11. Nfd2 cxb5 12. axb5 Nc7 13. Nc3 Ne6 14. Nd5 Ndc5 15.
Nb3 Nxb3 16. Qxb3 Nc5 17. Qa3 Be6 18. Bc3 f6 19. f4 Rc8 20. Qb2 Nd7 21. Rad1
Kh8 22. fxe5 Nxe5 23. Kh1 f5 24. Qd2 Bd7 25. Bd4 Rb8 26. Qe3 Ng4 27. Bxg7+ Kxg7
28. Qa7 Ne5 29. e4 Kh6 30. Nc3 fxe4 31. Bxe4 Qg5 32. Rf4 Bf5 33. Bxf5 Rxf5 34.
Rh4+ Kg7 35. Qxb8 1-0

[Event "Lliga Catalana eq. DH"]
[Site "?"]
[Date "2014.02.23"]
[Round "5.6"]
[White "Alexandrova, O."]
[Black "Bergez, L."]
[Result "1/2-1/2"]
[WhiteElo "2448"]
[BlackElo "2391"]
[PlyCount "72"]
[EventDate "2014.??.??"]
[EventType "team"]
[EventCountry "ESP"]

1. d4 Nf6 2. c4 g6 3. Nc3 Bg7 4. e4 d6 5. f4 O-O 6. Nf3 c5 7. d5 e6 8. Be2 exd5
9. cxd5 Nbd7 10. O-O Re8 11. Nd2 a6 12. a4 Rb8 13. Kh1 Qc7 14. Qc2 c4 15. e5
dxe5 16. Nxc4 b5 17. axb5 axb5 18. d6 Qc6 19. Na5 Qb6 20. Nxb5 exf4 21. Nc7 Re4
22. Bf3 Re5 23. Nc4 Rc5 24. Bxf4 Bb7 25. Qa4 Rxc4 26. Qxc4 Bxf3 27. Rxf3 Ng4
28. Be3 Qxb2 29. Qxf7+ Kh8 30. Rd1 Qe2 31. Bg1 Qxd1 32. Ne6 Be5 33. h3 Nh6 34.
Qxd7 Qxd6 35. Qxd6 Bxd6 36. g4 Kg8 1/2-1/2

[Event "Lliga Catalana eq. DH"]
[Site "?"]
[Date "2014.02.22"]
[Round "5.6"]
[White "Asensio Liñan, T."]
[Black "Fernandez Lopez, J."]
[Result "0-1"]
[WhiteElo "2278"]
[BlackElo "2171"]
[PlyCount "80"]
[EventDate "2014.??.??"]
[EventType "team"]
[EventCountry "ESP"]

1. d4 d5 2. Nf3 c6 3. c3 Bf5 4. Bf4 e6 5. e3 Bd6 6. Qb3 Bxf4 7. exf4 Qc7 8.
Nbd2 h6 9. Be2 Nf6 10. Ne5 Nbd7 11. g4 Bh7 12. Rg1 g5 13. fxg5 hxg5 14. Nxd7
Nxd7 15. Rg3 O-O-O 16. Qa3 Kb8 17. Qe7 Bg6 18. Qxg5 Rxh2 19. Nf1 Rh1 20. O-O-O
c5 21. Bd3 Bxd3 22. Rgxd3 cxd4 23. Rxd4 Ne5 24. Qf6 Rg8 25. Ne3 Rh2 26. Kb1 Rh3
27. Nxd5 exd5 28. Rxd5 Nc6 29. Rd7 Qb6 30. Qf4+ Ka8 31. Rxf7 a6 32. Rf8+ Rxf8
33. Qxf8+ Ka7 34. g5 Rh2 35. Rd2 Ne5 36. Qf5 Nc4 37. Re2 Rh1+ 38. Kc2 Qxb2+ 39.
Kd3 Rd1+ 40. Kxc4 b5+ 0-1

[Event "Lliga Catalana eq. DH"]
[Site "?"]
[Date "2014.02.22"]
[Round "5.6"]
[White "Fernandez Cazorla, A."]
[Black "Maroto Borras, J."]
[Result "1/2-1/2"]
[WhiteElo "2305"]
[BlackElo "2199"]
[PlyCount "144"]
[EventDate "2014.??.??"]
[EventType "team"]
[EventCountry "ESP"]

1. Nf3 e6 2. c4 b6 3. g3 Bb7 4. Bg2 Nf6 5. O-O Be7 6. Nc3 O-O 7. Re1 d5 8. cxd5
exd5 9. d4 c5 10. Bf4 Na6 11. Nb5 Ne4 12. Rc1 Bf6 13. Ne5 cxd4 14. Nxd4 Nac5
15. b4 g5 16. Ndc6 Bxc6 17. Nxc6 Qd7 18. bxc5 Qxc6 19. cxb6 Qxb6 20. Bxe4 dxe4
21. Be3 Qa6 22. Qd5 Rad8 23. Qxe4 Qxa2 24. Rc6 Bg7 25. Qe7 Rd5 26. Qxa7 Qxa7
27. Bxa7 Ra8 28. Be3 h6 29. Rec1 Ra2 30. Rc8+ Kh7 31. R8c2 Rda5 32. g4 Be5 33.
Kg2 Kg6 34. h3 Rxc2 35. Rxc2 f6 36. Rc1 h5 37. gxh5+ Kxh5 38. Rc4 Kg6 39. h4
gxh4 40. Rxh4 Ra2 41. Kf3 Kf5 42. Bd4 Bxd4 43. Rxd4 Ra3+ 44. e3 Rb3 45. Rd5+
Ke6 46. Ra5 Rb2 47. e4 Rc2 48. Ke3 Rb2 49. Ra6+ Ke7 50. f3 Rb5 51. Kf4 Rc5 52.
Kg4 Rg5+ 53. Kf4 Rc5 54. Ra7+ Ke6 55. Rh7 Rb5 56. Kg4 Rb3 57. Kf4 Rb5 58. Rh1
Ra5 59. Rb1 Rc5 60. Rb6+ Ke7 61. Ke3 Rc3+ 62. Ke2 Ra3 63. f4 Rc3 64. f5 Ra3 65.
Re6+ Kf7 66. Rd6 Ke7 67. Rd3 Ra1 68. Ke3 Re1+ 69. Kf4 Rf1+ 70. Ke3 Re1+ 71. Kf3
Rf1+ 72. Ke2 Ra1 1/2-1/2

[Event "Lliga Catalana eq. DH"]
[Site "?"]
[Date "2014.02.22"]
[Round "5.6"]
[White "Fernandez Fuentes, FX."]
[Black "Gallart Zafra, J."]
[Result "1-0"]
[WhiteElo "2244"]
[BlackElo "2339"]
[PlyCount "115"]
[EventDate "2014.??.??"]
[EventType "team"]
[EventCountry "ESP"]

1. e4 c5 2. Nf3 d6 3. Bb5+ Nd7 4. d4 a6 5. Bxd7+ Bxd7 6. O-O cxd4 7. Qxd4 Nf6
8. Bg5 Bc6 9. Bxf6 gxf6 10. Nc3 Rg8 11. Qe3 Qd7 12. Nd4 h5 13. Nxc6 bxc6 14. f4
Bh6 15. Qf3 Qg4 16. Ne2 Kd7 17. Ng3 Rab8 18. b3 Qxf3 19. Rxf3 d5 20. Rd1 e6 21.
Nxh5 Ke7 22. Ng3 Rb4 23. exd5 cxd5 24. Ne2 Rc8 25. c3 Re4 26. Kf2 a5 27. g4 a4
28. h4 axb3 29. axb3 Ra8 30. Rd2 Ra3 31. g5 fxg5 32. hxg5 Bg7 33. Rb2 d4 34.
cxd4 Rxd4 35. Rc2 Rd7 36. b4 Ra4 37. Rb3 Rb7 38. Rc4 Rd7 39. Ke3 Ba1 40. Nd4
Bxd4+ 41. Rxd4 Rxd4 42. Kxd4 Kd6 43. Kc4 Ra1 44. Kb5 Rd1 45. Rc3 Rd5+ 46. Rc5
Rd4 47. Rc4 Rd5+ 48. Ka6 e5 49. b5 exf4 50. b6 Rd1 51. Rxf4 Ra1+ 52. Kb7 Rg1
53. Rf5 Ke6 54. Rb5 Kd7 55. Kb8 Kc6 56. b7 f6 57. Kc8 Rh1 58. Rb6+ 1-0

[Event "Lliga Catalana eq. DH"]
[Site "?"]
[Date "2014.02.22"]
[Round "5.6"]
[White "Martinez Lopez, I."]
[Black "Ryan, J."]
[Result "1-0"]
[WhiteElo "2327"]
[BlackElo "2352"]
[PlyCount "119"]
[EventDate "2014.??.??"]
[EventType "team"]
[EventCountry "ESP"]

1. c4 e5 2. g3 Nf6 3. Bg2 h6 4. Nc3 Bb4 5. Nd5 Nxd5 6. cxd5 O-O 7. a3 Bc5 8. b4
Bd4 9. Rb1 d6 10. Nf3 Bb6 11. d3 c6 12. dxc6 Nxc6 13. O-O Re8 14. Bb2 a6 15.
Nd2 d5 16. e4 dxe4 17. dxe4 Be6 18. Nf3 Bc4 19. Re1 Qf6 20. Qc2 Be6 21. Qe2 Bg4
22. h3 Bh5 23. g4 Bg6 24. Rbd1 Rad8 25. Rd5 Nd4 26. Nxd4 Bxd4 27. Rd1 Rxd5 28.
exd5 Bxb2 29. Qxb2 Qd6 30. Qc3 e4 31. Qc5 Rd8 32. Qxd6 Rxd6 33. Kf1 Kf8 34. Ke2
f5 35. Ke3 Ke7 36. gxf5 Bxf5 37. Kd4 Rf6 38. Ke5 Bg6 39. Rd2 Rf5+ 40. Kd4 Kd6
41. Bxe4 Rf4 42. f3 Be8 43. Rg2 g5 44. Rg4 Rf8 45. h4 Bh5 46. Rg3 gxh4 47. Rh3
Rf4 48. Ke3 Ke5 49. d6 Be8 50. Bxb7 Bd7 51. Rh2 a5 52. Rd2 Rc4 53. f4+ Kf6 54.
bxa5 Ra4 55. a6 Rxa3+ 56. Kd4 h3 57. Kc5 Bc8 58. Bxc8 Rc3+ 59. Kb6 Rxc8 60. d7
1-0

[Event "Lliga Catalana eq. DH"]
[Site "?"]
[Date "2014.02.22"]
[Round "5.6"]
[White "Pueyo Burrell, D."]
[Black "Bofill Mas, A."]
[Result "0-1"]
[WhiteElo "2293"]
[BlackElo "2420"]
[PlyCount "60"]
[EventDate "2014.??.??"]
[EventType "team"]
[EventCountry "ESP"]

1. e4 c5 2. Nf3 e6 3. d4 cxd4 4. Nxd4 Nf6 5. Nc3 d6 6. g3 Nc6 7. Nb3 Be7 8. Bg2
O-O 9. O-O a6 10. a4 Rb8 11. a5 b5 12. axb6 Qxb6 13. Be3 Qc7 14. f4 Rd8 15. Qe2
d5 16. e5 Nd7 17. Bxd5 exd5 18. Nxd5 Rxb3 19. Nxc7 Rxe3 20. Qc4 Bc5 21. Kg2 Bb7
22. Kh3 Bc8 23. e6 fxe6 24. Nxe6 Nf8 25. Qxc5 Nxe6 26. Qxc6 Nxf4+ 27. Kh4 Ng6+
28. Qxg6 hxg6 29. Ra5 Rd7 30. Rc5 Rd4+ 0-1

[Event "Lliga Catalana eq. DH"]
[Site "?"]
[Date "2014.02.22"]
[Round "5.6"]
[White "Serra Fontova, F."]
[Black "Vives Esmerat, J."]
[Result "1/2-1/2"]
[WhiteElo "2276"]
[BlackElo "2369"]
[PlyCount "53"]
[EventDate "2014.??.??"]
[EventType "team"]
[EventCountry "ESP"]

1. e4 e5 2. Nf3 Nc6 3. Bb5 Bc5 4. Nc3 Nd4 5. Ba4 c6 6. O-O d6 7. Nxd4 Bxd4 8.
Qf3 Nf6 9. h3 O-O 10. d3 h6 11. Ne2 Bb6 12. Ng3 Nh7 13. Bb3 Qh4 14. Nf5 Bxf5
15. Qxf5 Rad8 16. Kh1 Kh8 17. g3 Qe7 18. f4 Qd7 19. fxe5 dxe5 20. Bd2 Qxf5 21.
Rxf5 f6 22. Bb4 c5 23. Bd2 g6 24. Rff1 Kg7 25. a4 Ng5 26. Kg2 Nxe4 27. Be3
1/2-1/2

[Event "Lliga Catalana eq. DH"]
[Site "?"]
[Date "2014.02.22"]
[Round "5.7"]
[White "Almirall Botella, J."]
[Black "Baños, OF."]
[Result "1/2-1/2"]
[WhiteElo "2147"]
[BlackElo "2284"]
[PlyCount "85"]
[EventDate "2014.??.??"]
[EventType "team"]
[EventCountry "ESP"]

1. d4 g6 2. c4 Bg7 3. Nc3 d6 4. e4 a6 5. Nf3 c6 6. Be3 b5 7. Be2 Nd7 8. d5 cxd5
9. cxd5 Ngf6 10. Nd4 Bb7 11. Rc1 Rc8 12. f3 O-O 13. O-O Re8 14. Qd2 e6 15. dxe6
fxe6 16. Ndxb5 axb5 17. Nxb5 Rxc1 18. Rxc1 Qb8 19. Nxd6 Rd8 20. Qa5 Rf8 21. Rc7
Bxe4 22. Nxe4 Nxe4 23. Rxd7 Qxb2 24. Qa7 Be5 25. Bf1 Nf6 26. Rb7 Qc3 27. Qb6
Re8 28. Bc5 Nd5 29. Qc6 Nf6 30. Qb6 Nd5 31. Qb5 Rc8 32. Bf2 Bd4 33. Bxd4 Qxd4+
34. Kh1 Qf2 35. Qa6 Re8 36. h3 Nf4 37. Qc4 Nh5 38. Kh2 Qg3+ 39. Kh1 Qf2 40. Bd3
Qe1+ 41. Kh2 Qg3+ 42. Kh1 Qe1+ 43. Kh2 1/2-1/2

[Event "Lliga Catalana eq. DH"]
[Site "?"]
[Date "2014.02.22"]
[Round "5.7"]
[White "Avila Jimenez, X."]
[Black "Bautista Sanchez, J."]
[Result "1/2-1/2"]
[WhiteElo "2307"]
[BlackElo "2292"]
[PlyCount "85"]
[EventDate "2014.??.??"]
[EventType "team"]
[EventCountry "ESP"]

1. d4 c6 2. c4 Nf6 3. Nc3 d5 4. cxd5 cxd5 5. Bf4 e6 6. e3 Bd6 7. Bxd6 Qxd6 8.
Bd3 Nc6 9. f4 a6 10. Nf3 Bd7 11. Ne5 b5 12. O-O Rc8 13. g4 g6 14. Qf3 h5 15. g5
Ng8 16. a4 b4 17. Ne2 Nge7 18. Nxd7 Qxd7 19. Bxa6 Rc7 20. Nc1 Qd6 21. Bb5 O-O
22. Nd3 Nf5 23. Rac1 Rfc8 24. Qf2 Na7 25. Qd2 Nxb5 26. axb5 Qb6 27. Rxc7 Rxc7
28. Rc1 Rxc1+ 29. Nxc1 Qxb5 30. Kf2 Nd6 31. Qd3 Qc6 32. Na2 Qa4 33. Nc1 Qc6 34.
Na2 Ne4+ 35. Ke2 Qa4 36. Nc1 Qa1 37. Qc2 b3 38. Nxb3 Qg1 39. Kd3 Qf1+ 40. Qe2
Qb1+ 41. Qc2 Nf2+ 42. Kd2 Ne4+ 43. Kd3 1/2-1/2

[Event "Lliga Catalana eq. DH"]
[Site "?"]
[Date "2014.02.22"]
[Round "5.7"]
[White "Fernandez Perez, D."]
[Black "Ezquerro Luque, A."]
[Result "0-1"]
[WhiteElo "2350"]
[BlackElo "2201"]
[PlyCount "98"]
[EventDate "2014.??.??"]
[EventType "team"]
[EventCountry "ESP"]

1. d4 d6 2. Nf3 g6 3. c4 Bg7 4. Nc3 Nd7 5. e4 e5 6. Be2 Ne7 7. h4 h6 8. Be3 f5
9. dxe5 dxe5 10. g3 b6 11. Qc2 Bb7 12. O-O-O fxe4 13. Nd2 Nf5 14. Ndxe4 O-O 15.
Bd3 Nf6 16. Nxf6+ Qxf6 17. Be4 Bxe4 18. Qxe4 Qf7 19. Rhe1 Nd4 20. f4 Rae8 21.
Qd5 Qxd5 22. Nxd5 c6 23. Nc7 Rd8 24. Bxd4 Rxd4 25. Rxd4 exd4 26. Re6 Rf6 27.
Rxf6 Bxf6 28. Kd2 Kf7 29. Kd3 Ke7 30. b4 Kd7 31. Na6 Kc8 32. Ke4 Kb7 33. b5 c5
34. Kd3 Be7 35. Ke4 Kc8 36. Kf3 Bd6 37. Ke4 Kd7 38. Kd3 Ke6 39. Ke4 h5 40. a3
Kf6 41. a4 Ke6 42. Kf3 Kf5 43. Kf2 Kg4 44. Kg2 d3 45. Kf2 d2 46. Ke2 Kxg3 47.
Kxd2 Kxf4 48. Kd3 Kf3 49. Kd2 Ke4 0-1

[Event "Lliga Catalana eq. DH"]
[Site "?"]
[Date "2014.02.22"]
[Round "5.7"]
[White "Garrido Fernandez, D."]
[Black "Bruned Segura, M."]
[Result "1/2-1/2"]
[WhiteElo "2347"]
[BlackElo "2241"]
[PlyCount "83"]
[EventDate "2014.??.??"]
[EventType "team"]
[EventCountry "ESP"]

1. e4 e5 2. Nf3 Nc6 3. Nc3 Nf6 4. d4 exd4 5. Nxd4 Bb4 6. Nxc6 bxc6 7. Bd3 d5 8.
exd5 cxd5 9. O-O O-O 10. Bg5 c6 11. Na4 Re8 12. c3 Be7 13. b4 Ne4 14. Bxe7 Rxe7
15. f3 Nd6 16. Qc2 g6 17. Rfe1 Bf5 18. Nc5 Bxd3 19. Qxd3 Nc4 20. Qd4 Qd6 21.
Nd3 Rae8 22. Rxe7 Rxe7 23. Re1 Rxe1+ 24. Nxe1 Qe5 25. Qxe5 Nxe5 26. Kf2 Kf8 27.
Ke3 Ke7 28. Nd3 f6 29. Nc5 Kd6 30. Kd4 Nf7 31. a3 Nh6 32. Kd3 Nf5 33. g3 Nh6
34. Nb3 Nf7 35. f4 Nd8 36. Nd4 a6 37. Nb3 Ne6 38. Nd4 Nc7 39. Nb3 Ne6 40. Nd4
Nc7 41. Nb3 Ne6 42. Nd4 1/2-1/2

[Event "Lliga Catalana eq. DH"]
[Site "?"]
[Date "2014.02.22"]
[Round "5.7"]
[White "Leiro Giralt, D."]
[Black "Velasco Blasco, JM."]
[Result "1/2-1/2"]
[WhiteElo "2317"]
[BlackElo "2224"]
[PlyCount "55"]
[EventDate "2014.??.??"]
[EventType "team"]
[EventCountry "ESP"]

1. e4 e5 2. Nf3 Nc6 3. Bc4 Nf6 4. d4 exd4 5. O-O Nxe4 6. Re1 d5 7. Bxd5 Qxd5 8.
Nc3 Qa5 9. Nxe4 Be6 10. Neg5 O-O-O 11. Nxe6 fxe6 12. Rxe6 Bd6 13. Bg5 Rde8 14.
Qe1 Qxe1+ 15. Rexe1 Rxe1+ 16. Rxe1 Kd7 17. Kf1 Rf8 18. Rd1 Rf5 19. Bd2 Rc5 20.
c3 dxc3 21. Bxc3 g6 22. Ke2 b5 23. Nd4 b4 24. Be1 Re5+ 25. Kd3 Rd5 26. Kc4 Rc5+
27. Kd3 Rd5 28. Kc4 1/2-1/2